| 000 | 00572nam a22002057a 4500 | ||
|---|---|---|---|
| 003 | PILC | ||
| 005 | 20160109092157.0 | ||
| 008 | 130702t xxu||||| |||| 00| 0 eng d | ||
| 020 | _a9781556156359 | ||
| 050 |
_aQA 76.76 _b.M626 1994 |
||
| 082 |
_aCS 005.4469 _bM581 1994 |
||
| 245 | _aMicrosoft MS-DOS step by step, revised for version 6.3 | ||
| 260 |
_aRedmond, Washington; _bMicrosoft Press, _c1994. |
||
| 300 |
_axxiv. 272 p. : _c23 cm. : |
||
| 500 | _aIncludes Index | ||
| 520 | _a1. MS-DOS (Computer file) | ||
| 562 | _e1 | ||
| 942 |
_2lcc _cBK |
||
| 999 |
_c3523 _d3523 |
||